000 00309nam a22001217a 4500
999 _c534333
_d534333
040 _cMSOHAIL
082 _a891.4396
100 _aNISTE
_913498
245 _aOccupational Heath ,Safety and Environment.........\
260 _aIslamabad
_bNational Book Foundation
_cc2007
300 _a107;p
942 _2ddc
_cBK